Szczegóły MARC21

Lata 1970-1980 : nowe perspektywy a realia na Pomorzu Zachodnim /

003 -Nazwa inst., której nr kontr. jest w polu 001 [,]
    • @
    • Nazwa instytucji, której n kontrolny jest w polu 001
    • NUKAT
005 -DATA I CZAS OSTATNIEJ MODYFIKACJI [,]
    • @
    • pole kontrolne
    • 20241231102303.0
020 -Międzynarod. znormalizowany nr książki - ISBN [ , ]
    • a
    • Numer ISBN
    • 8372412022 Find
040 -Instytucja sporządzająca opis [ , ]
    • a
    • Instytucja, która sporządziła opis (NP)
    • WR U/ms
    • c
    • Instytucja, która sporządziła rekord (NP)
    • WR U/ms
    • d
    • Instytucja, która zmodyfikowała rekord (P)
    • WR U/dl
    • d
    • Instytucja, która zmodyfikowała rekord (P)
    • WR U/JHs
942 -Rodzaj dokumentu [ , ]
    • c
    • Rodzaj dokumentu
    • Książka
245 -Strefa tytułu i oznaczenia odpowiedzialności [0,0]
    • a
    • Tytuł
    • Lata 1970-1980 : Find
    • b
    • Ciąg dalszy tytułu (NP)
    • nowe perspektywy a realia na Pomorzu Zachodnim / Find
    • c
    • Pozostałe elementy strefy tytułu i oznaczenia odpowiedzialności (NP)
    • pod red. Henryka Komarnickiego i Kazimierza Kozłowskiego ; Wydział Humanistyczny Uniwersytetu Szczecińskiego, Archiwum Państwowe w Szczecinie.
246 -Wariant tytułu [3, ]
    • a
    • Tytuł (NP)
    • Lata tysiąc dziewięćset siedemdziesiąt - tysiąc dziewięćset osiemdziesiąt
260 -Strefa adresu wydawniczego [ , ]
    • a
    • Miejsce wydania (P)
    • Szczecin :
    • b
    • Nazwa wydawcy (P)
    • USz :
    • b
    • Nazwa wydawcy (P)
    • AP,
    • c
    • Data wydania (P)
    • 2001.
300 -Strefa opisu fizycznego [ , ]
    • a
    • Określenie formy książki i/lub objętość (NP)
    • 360 s. ;
    • c
    • Format (NP)
    • 24 cm.
336 -Typ zawartości [ , ]
    • a
    • Termin opisujący typ zawartości
    • Tekst
    • b
    • Kod określający zawartość
    • txt
    • 2
    • Źródło (terminu i kodu)
    • rdacontent
337 -Typ mediów [ , ]
    • a
    • Tryb odtwarzania
    • Bez urządzenia pośredniczącego
    • b
    • Kod typu mediów
    • n
    • 2
    • Źródło (terminu i kodu)
    • rdamedia
338 -Typ/rodzaj nośnika [ , ]
    • a
    • Hasło opisujące typ nośnika
    • Wolumin
    • b
    • Kod typu nośnika
    • nc
    • 2
    • Źródło (terminu i kodu)
    • rdacarrier
504 -Uwaga dot. bibliogr. załącznikowej [ , ]
    • a
    • Uwaga dot. bibliografii załącznikowej
    • Bibliogr. przy rozdz.
080 -Uniwersalna Klasyfikacja Dziesiętna [ , ]
    • 2
    • Identyfikator wydania tablic
    • UDC-P022
    • a
    • Symbol klasyfikacji
    • 94(438).083
    • b
    • Dopowiedzenie
    • Historia Polski. Polska Ludowa 1944/45 - 1989. PRL.
    • x
    • Poddział wspólny
    • "1970/1980"
    • x
    • Poddział wspólny
    • (061)
    • b
    • Dopowiedzenie
    • (Wydawnictwa odnoszące się do konferencji, zjazdów itd.).
651 -Hasło przedmiotowe w formie nazwy geograficznej [ ,7]
    • a
    • Nazwa geograficzna
    • Pomorze Zachodnie (Polska ; region)
    • y
    • Określnik chronologiczny
    • 1970-2000.
    • 2
    • Źródło terminu
    • kaba
    • 9
    • KHW
    • 511213
980 -Symbol UKD [ , ]
    • a
    • UKD
    • 94(438).083"1970/1980"Pomorze Zachodnie(061)
700 -Hasło dodatkowe - nazwa osobowa [1, ]
    • a
    • Nazwa osobowa (NP)
    • Komarnicki, Henryk Find
    • d
    • Daty biograficzne (NP)
    • (1934-2008).
    • e
    • Określenie rodzaju współpracy
    • Red.
    • 9
    • KHW
    • 71015
700 -Hasło dodatkowe - nazwa osobowa [1, ]
    • a
    • Nazwa osobowa (NP)
    • Kozłowski, Kazimierz Find
    • d
    • Daty biograficzne (NP)
    • (1942- ).
    • e
    • Określenie rodzaju współpracy
    • Red.
    • 9
    • KHW
    • 15384
710 -Hasło dodatkowe - nazwa ciała zbiorowego [2, ]
    • a
    • Nazwa ciała zbiorowego lub nazwa geograficzna jako pierwszy element (NP)
    • Uniwersytet Szczeciński.
    • b
    • Nazwa jednostki podrzędnej (P)
    • Wydawnictwo Naukowe.
    • 4
    • Kod relacji
    • pbl
    • 9
    • KHW
    • 51208
920 -ISBN [ , ]
    • a
    • ISBN
    • 83-7241-202-2 Find
Lokalizacja Data inwentaryzacji Numer inwentarzowy Sygnatura Status udost. Uwagi nie widoczne w OPAC
BG2002-03-08Z.98643Z.986431przepisany
BG2002-03-08W.206251W.206251-3przepisany
BG2002-03-08W.206252W.206251-3przepisany
BG2002-03-08W.206253W.206251-3przepisany
BG2002-03-08W.206254W.206251-3przepisany
BG2002-03-19W.206295W.206251-3przepisany
BG2005-04-07WM.3599WM.3599-3przepisany
BG2005-04-07WM.3600WM.3599-3przepisany
BG2005-04-07WM.3601WM.3599-3przepisany
BG2005-04-07WM.3602WM.35992przepisany
BG2005-04-07WM.3603WM.35992przepisany
BG2005-04-07WM.3604WM.35992przepisany
BG2005-04-07WM.3605WM.35992przepisany
BG2006-11-28WM.5816 -3 
BNS2002-03-08H.10350 1przepisany
BNS2002-03-08H.10351 2przepisany
BNS2002-03-08F.30897 -3przepisany
BNS2002-05-23F.30979 -3przepisany
BNS2002-05-23F.30980 -3przepisany
BNS2002-03-19Pd.14833 -3przepisany
BNS2002-03-19Pd.14834 -3przepisany
BNS2002-03-19Pd.14835 -3przepisany